Ethanol Policies and Welfare under the Pre-existing Fuel and Labor Taxes
Prehľadný model všeobecnej rovnováhy, ktorý skúma aký vplyv má povinne primiešavanie biopalív a spotrebná dotácia v interakcii s existujúcim zdanením práce a palív na spoločenský blahobyt a životné prostredie.
Enregistré dans:
| Auteur principal: | |
|---|---|
| Autres auteurs: | |
| Format: | Chapitre de livre |
| Langue: | anglais |
| Sujets: | |
| Tags: |
Pas de tags, Soyez le premier à ajouter un tag!
|
MARC
| LEADER | 00000naa a2200000 4500 | ||
|---|---|---|---|
| 001 | 0258974 | ||
| 005 | 20221104111317.7 | ||
| 041 | 0 | |a eng | |
| 044 | |a SK | ||
| 245 | 1 | 0 | |a Ethanol Policies and Welfare under the Pre-existing Fuel and Labor Taxes |c Kristen B. Cooper, Dušan Drábik |
| 520 | |a Prehľadný model všeobecnej rovnováhy, ktorý skúma aký vplyv má povinne primiešavanie biopalív a spotrebná dotácia v interakcii s existujúcim zdanením práce a palív na spoločenský blahobyt a životné prostredie. | ||
| 610 | 2 | 0 | |a dane |
| 610 | 2 | 0 | |a hmoty pohonné |
| 610 | 2 | 0 | |a biopalivá |
| 610 | 2 | 0 | |a cena práce |
| 610 | 2 | 0 | |a prostredie životné |
| 100 | 1 | |a Cooper, Kristen B. | |
| 700 | 1 | |a Drábik, Dušan | |